[Event "Rheinhessen-ch U16/U18"]
[Site "Oppenheim"]
[Date "2015.01.06"]
[Round "6"]
[White "Scholze, Josua"]
[Black "Seibert, Amadeus"]
[Result "1-0"]
[WhiteElo "1154"]
[BlackElo "1166"]
[PlyCount "63"]
[EventDate "2015.01.03"]
[EventType "swiss"]
[EventRounds "7"]
[EventCountry "GER"]
[SourceTitle "EXT 2017"]
[Source "ChessBase"]
[SourceDate "2016.10.25"]
[SourceVersion "1"]
[SourceVersionDate "2016.10.25"]
[SourceQuality "1"]

1. e4 e5 2. Nf3 Nf6 3. Nxe5 Qe7 4. d4 d6 5. Nf3 Qxe4+ 6. Be2 Bg4 7. 0-0 Be7 8. h3 Bh5 9. Re1 Qd5 10. Nc3 Qa5 11. Bd2 c6 12. Ne4 Qc7 13. Nxf6+ Bxf6 14. Bd3+ Kd8 15. Re3 Bxd4 16. Re1 Bxb2 17. Rb1 Bxf3 18. Qxf3 Bf6 19. Qe2 b5 20. Bxh7 g6 21. Bxg6 fxg6 22. Qe6 Qg7 23. Ba5+ Qc7 24. Bxc7+ Kxc7 25. Qxf6 Rg8 26. Qf7+ Nd7 27. Re7 d5 28. Rxd7+ Kb6 29. Rd6 a5 30. Qxd5 Rac8 31. Qxb5+ Kc7 32. Qxc6# 1-0

[Event "Rheinhessen-ch U16/U18"]
[Site "Oppenheim"]
[Date "2015.01.05"]
[Round "1"]
[White "Seibert, Amadeus"]
[Black "Perske, Paul"]
[Result "0-1"]
[WhiteElo "1166"]
[BlackElo "1769"]
[PlyCount "56"]
[EventDate "2015.01.03"]
[EventType "swiss"]
[EventRounds "7"]
[EventCountry "GER"]
[SourceTitle "EXT 2017"]
[Source "ChessBase"]
[SourceDate "2016.10.25"]
[SourceVersion "1"]
[SourceVersionDate "2016.10.25"]
[SourceQuality "1"]

1. e4 c5 2. Nc3 Nc6 3. Nf3 d6 4. d3 g6 5. Be2 Bg7 6. 0-0 Nf6 7. Bd2 0-0 8. Rb1 Rb8 9. a3 b5 10. Qc1 a5 11. Nd5 Nxd5 12. exd5 Nd4 13. Nxd4 cxd4 14. c4 dxc3 15. bxc3 Qc7 16. c4 bxc4 17. Qxc4 Qxc4 18. dxc4 Rb2 19. Rxb2 Bxb2 20. a4 Bd7 21. Bd1 Rc8 22. Bb3 Bf5 23. Bxa5 Bd3 24. Re1 Bxc4 25. Bd1 Bf6 26. Bb6 Bxd5 27. Re3 Rc1 28. Re1 Bb3 0-1

[Event "Rheinhessen-ch U16/U18"]
[Site "Heidesheim"]
[Date "2014.01.07"]
[Round "2"]
[White "Hinrichs, Niklas"]
[Black "Seibert, Amadeus"]
[Result "1-0"]
[WhiteElo "1587"]
[BlackElo "1134"]
[PlyCount "49"]
[EventDate "2014.01.07"]
[EventType "swiss"]
[EventRounds "7"]
[EventCountry "GER"]
[SourceTitle "EXT 2015"]
[Source "ChessBase"]
[SourceDate "2014.11.20"]
[SourceVersion "1"]
[SourceVersionDate "2014.11.20"]
[SourceQuality "1"]

1. d4 d5 2. c4 c6 3. Nc3 Nf6 4. Bf4 Bg4 5. f3 Bf5 6. cxd5 cxd5 7. e4 dxe4 8. fxe4 Nxe4 9. Bxb8 Rxb8 10. Bb5+ Bd7 11. Bxd7+ Qxd7 12. Nxe4 Qd5 13. Ng3 Qxg2 14. Qb3 e6 15. Rc1 Bd6 16. Qb5+ Ke7 17. Qg5+ Kd7 18. Qb5+ Ke7 19. N1e2 Rhc8 20. Qg5+ Kf8 21. a3 Bxg3+ 22. Nxg3 Rxc1+ 23. Qxc1 Rd8 24. Qc7 Rxd4 25. Qc5+ 1-0

[Event "Rheinhessen-ch U14"]
[Site "Heidesheim"]
[Date "2013.01.19"]
[Round "1.4"]
[White "Seibert, Amadeus"]
[Black "Zimmer, Oliver"]
[Result "0-1"]
[WhiteElo "873"]
[BlackElo "1162"]
[PlyCount "27"]
[EventDate "2013.01.19"]
[EventType "swiss"]
[EventRounds "7"]
[EventCountry "GER"]
[SourceTitle "EXT 2014"]
[Source "ChessBase"]
[SourceDate "2013.11.20"]
[SourceVersion "1"]
[SourceVersionDate "2013.11.20"]
[SourceQuality "1"]

1. e4 c5 2. Nc3 g6 3. d3 Bg7 4. Nf3 Nf6 5. b3 d6 6. Rb1 0-0 7. Be2 Nc6 8. Be3 Bd7 9. 0-0 Rb8 10. e5 Ne8 11. d4 cxd4 12. Nxd4 Nxe5 13. Ndb5 a6 14. Nd4 0-1